000 00498nam a22001937a 4500
005 20260515114932.0
008 221013b ||||| |||| 00| 0 eng d
020 _a9789382267188
040 _aIN-DiNC
_cIN-DiNC
041 _deng
082 _a822
_bIBS
100 _aIbsen, Henrik
_eauthor
245 _aGhosts/
_cby Henrik Ibsen
260 _aDelhi:
_bWorldview publications,
_c2015.
300 _alix, 260p.
650 _aEnglish drama
700 _aNagpal, Payal
_eauthor
942 _2ddc
_cBK
999 _c11405
_d11405